000 00492nam a2200181Ia 4500
001 27480
003 IN-NITTTR
005 20251114233342.0
008 251113s9999||||xx |||||||||||||| ||eng||
040 _beng
040 _cIN-NITTTR
041 _aeng
082 _a302.23 R18M
100 _aRao, N. Venkateshwara
245 0 _aMass communication :
_b recent trends and future prospects /
_cRao, N. Venkateshwara, Mathur, Prashant K.
700 _a Mathur, Prashant K.
942 _2ddc
_cBK
999 _c30108
_d30108